000 00719nam a22002057a 4500
005 20251108165445.0
008 250721s2000 xx 000 0 ara d
082 1 4 _aم/216.1/تمر
100 1 _aالتمرتاشي، محمد بن عبد الله بن أحمد الخطيب
245 1 0 _aالوصول إلى قواعد الأصول /
264 1 _aبيروت :
_bدار الكتب العلميه،
_c2000.
300 _a374ص.
500 _aرسالة دكتوراه
650 1 7 _aالإسلام
650 1 7 _aالفقه الإسلامي
650 1 7 _aأصول الدين الإسلامي
700 1 _aسليمان، محمد شريف مصطفى أحمد
_eتحقيق
942 _2ddc
_cREF
999 _c28376
_d28376